[Event "CAN-ch U10 Girls"]
[Site "Windsor"]
[Date "2015.07.07"]
[Round "2.118"]
[White "Zhang, Wendy"]
[Black "Tian, Sherry"]
[Result "0-1"]
[WhiteElo "483"]
[BlackElo "755"]
[PlyCount "132"]
[EventDate "2015.07.06"]
[EventType "swiss"]
[EventRounds "7"]
[EventCountry "CAN"]
[SourceTitle "EXT 2022"]
[Source "ChessBase"]
[SourceDate "2021.10.06"]
[SourceVersion "1"]
[SourceVersionDate "2021.10.06"]
[SourceQuality "1"]

1. e4 c5 2. Nf3 Nc6 3. d4 cxd4 4. Nxd4 Nf6 5. Nc3 d6 6. Bd3 Nxd4 7. Be3 Nc6 8. 0-0 e6 9. f4 Be7 10. Qf3 0-0 11. Qg3 Nb4 12. f5 Nxd3 13. cxd3 exf5 14. exf5 d5 15. d4 Ne4 16. Nxe4 dxe4 17. Rad1 Kh8 18. Qh3 Qb6 19. Rd2 Qf6 20. Rf4 Bd6 21. Rh4 Bxf5 22. g4 Bg6 23. Rf2 Qe6 24. Rf5 Qxa2 25. Rfh5 Qb1+ 26. Kg2 Qxb2+ 27. Kh1 Qxh2+ 28. Qxh2 Bxh2 29. Kxh2 Bxh5 30. Rxh5 Rac8 31. Kg3 Rc3 32. Kf4 a6 33. Kxe4 Re8+ 34. Kd5 Rcxe3 35. g5 b5 36. Kc5 Rc3+ 37. Kb4 Rc4+ 38. Ka5 b4 39. Rh1 Rxd4 40. Kxa6 b3 41. Ka5 b2 42. Kb5 Rb8+ 43. Kc5 b1Q 44. Rxb1 Rxb1 45. Kxd4 Kg8 46. Ke5 Rb6 47. Kd5 Kf8 48. Kc5 h5 49. Kxb6 h4 50. Kc6 h3 51. Kd6 h2 52. Ke5 h1Q 53. Kf5 Qh4 54. g6 fxg6+ 55. Kxg6 Qh6+ 56. Kf5 Ke7 57. Kg4 Ke6 58. Kg3 Kf5 59. Kf3 Qh3+ 60. Ke2 Qc3 61. Kf2 Qd3 62. Kg2 Qe3 63. Kh1 Qe2 64. Kg1 Kg4 65. Kh1 Kg3 66. Kg1 Qg2# 0-1